[Event "Villorba Vergani Cup 2nd"]
[Site "Villorba"]
[Date "2018.01.03"]
[Round "2"]
[White "Hilverda, Alexander"]
[Black "Kveinys, Aloyzas"]
[Result "1/2-1/2"]
[WhiteElo "2370"]
[BlackElo "2547"]
[PlyCount "51"]
[EventDate "2018.01.02"]
[EventType "swiss"]
[EventRounds "9"]
[EventCountry "ITA"]
[SourceTitle "CBM 182 Extra"]
[Source "ChessBase"]
[SourceDate "2018.02.23"]
[SourceVersion "1"]
[SourceVersionDate "2018.02.23"]
[SourceQuality "1"]

1. d4 Nf6 2. c4 e6 3. g3 Bb4+ 4. Bd2 a5 5. Bg2 d6 6. e4 e5 7. Ne2 0-0 8. 0-0 Re8 9. Qc2 c6 10. Nbc3 exd4 11. Nxd4 a4 12. h3 a3 13. b3 Qa5 14. Rad1 Na6 15. Rfe1 Bd7 16. Nde2 Rac8 17. Nf4 b5 18. Nb1 bxc4 19. bxc4 c5 20. Bxb4 Nxb4 21. Qc3 Qa6 22. Rd2 Bf5 23. Rde2 Bd7 24. Rd2 Bf5 25. Rde2 Bd7 26. Rd2 1/2-1/2